Understanding construction drawings
| Main Author: | |
|---|---|
| Format: | Book |
| Language: | English |
| Published: |
Australia :
Cengage Learning ,
2010
|
| Edition: | 5th ed. |
| Subjects: |
MARC
| LEADER | 00000cam a2200000 7i4500 | ||
|---|---|---|---|
| 001 | 0000023875 | ||
| 005 | 20111111.0 | ||
| 008 | 111111s at a eng | ||
| 020 | |a 9781435464476 , |c RM418.00 | ||
| 040 | |a INS | ||
| 090 | 0 | 0 | |a T355. |b H87 2010 |
| 100 | 1 | |a Huth, Mark W. | |
| 245 | 1 | 0 | |a Understanding construction drawings |c Mark W. Huth |
| 250 | |a 5th ed. | ||
| 260 | |a Australia : |b Cengage Learning , |c 2010 | ||
| 300 | |a x, 380p. : |b ill. ; |c 28cm. | ||
| 500 | |a Includes index | ||
| 650 | 0 | 0 | |a Dwellings |x drawings |
| 650 | 0 | 0 | |a Structural drawing |
| 999 | |a 1000000428 |b BOOK |c Open Shelf |e Default branch | ||